00405nam a2200157Ia 45000010006000000050017000060080041000230410008000640820016000721000039000882450067001272600009001943000028002036500008002316540008002391991120260306172727.0260306t2014||||xx |||||||||||||| ||spa|| aESP a341.4bH411 aHaba, Enrique P. ...[et. al.]eAUT 0aUn debate sobre las teorías de la argumentación jurídica c2014 a444 páginas :c20 cm. aGEN aCDE